| 000 | 00547nam a2200193Ia 4500 | ||
|---|---|---|---|
| 005 | 20250326144953.0 | ||
| 008 | 250326s9999 xx 000 0 und d | ||
| 020 | _a81-7198-146-1 | ||
| 037 | _aTextbook | ||
| 040 |
_aFMSL _beng _cFMSL |
||
| 041 |
_aeng _2eng |
||
| 084 |
_aX8(A):Z N5 _qFMSL |
||
| 100 | _aMaheshwari R P | ||
| 245 | 0 |
_aPrinciples of industrial law _cMaheshwari R P; Maheshwari S N |
|
| 260 |
_aNoida _bNoida, Mayoor Paperbacks _c1995 |
||
| 300 | _axi,275 | ||
| 942 |
_cTB _hX8(A):Z N5 |
||
| 999 |
_c1305855 _d1305855 |
||